000 01576nam a22004097a 4500
003 CHAP
005 20220329143438.0
008 090811s2009 mx r 00010 spa d
010 _a96726
011 _a97698
035 _a108368
040 _cCHAP
090 _aTesis
100 1 _aLópez Ugarte, Theddy Yerena.
_968385
245 1 3 _aLa vegetación en la reserva de la Biosfera Mapimí
_c/por Theddy Yerena López Ugarte
260 _aBermejillo, Durango. :
_bEl autor,
_c2009
300 _avi, 89 h. :
_bcuadro, gráfs.
502 _aTesis (Ing. Agr. en Sistemas Agrícolas de Zonas Áridas) -- Unidad Regional Universitaria de Zonas Áridas
530 _aTambién disponible en línea
590 _aALEPH
_b10
_c20130110
_lUCH01
_h1530
590 _aBATCH-UPD
_b10
_c20130110
_lUCH01
_h0919
590 _aBATCH-UPD
_b10
_c20130410
_lUCH01
_h0542
590 _aBATCH-UPD
_b10
_c20130914
_lUCH01
_h0738
590 _aBATCH-UPD
_b10
_c20140324
_lUCH01
_h1512
590 _aBATCH-UPD
_b10
_c20141002
_lUCH01
_h0840
590 _aCONVERSION
_b10
_c20130109
_lUCH01
_h1353
650 1 4 _aÁreas protegidas.
_982451
650 1 4 _aBotánica
_xDurango.
_914532
650 1 4 _aEcología vegetal.
_935188
650 1 4 _aPastizales
_xDurango.
_985932
650 1 4 _aReserva de la Biósfera de Mapimí, Dgo.
_996093
856 _3Finding aid
_uhttp://10.13.5.2/tesis/108368.pdf
_zTeclea aqui
901 _aBK
942 _cFOLL
949 _aTesis
_bBC
_cTES
_d33724002103579
_eTS1
_gdonaciØn
_h49516
_i108368
_sb
949 _aTesis
_bBC
_cTES
_d33724002103611
_eTS2
_fc.2
_gnonaciØn
_h49517
_i108368
_sb
999 _c96726
_d96726